| 000 | 00493nam a22001817a 4500 | ||
|---|---|---|---|
| 005 | 20240726091400.0 | ||
| 008 | 230913b |||||||| |||| 00| 0 eng d | ||
| 020 | _a9788131234310 | ||
| 082 |
_a617.51 _bDHI-D |
||
| 100 | _aDhingra,PL | ||
| 245 |
_aDiseases of Ear, Nose and Throat : Head and Neck Surgery / _cDhingra,PL |
||
| 250 | _a6th.ed | ||
| 260 |
_aIndia _bElsevier _c2014 |
||
| 300 |
_a476p. _bill; _c27 cm. |
||
| 500 | _aInclude Index . | ||
| 650 | _aMedical / ENT | ||
| 999 |
_c33542 _d33542 |
||